000 002570000a22000970004500
100 1 _aJones, Peter
245 1 0 _aEl gnosticismo en las denomincaiones tradicionales
300 _aVol. 4, Núm 1 (2002), Páginas 9-20
773 0 _tReforma Siglo 21
942 _cANA
999 _c52930
_d52930